000 00419nam a2200169Ia 4500
003 LK-CoDNM
008 010623t2005 xxu||||| |||| 00| 1 eng d
040 _aLK-CoDNM
_dLK-CoDNM
_eLK-CoDNM
041 _aeng
080 _a301 SAM
100 _aSamarasinghe,Diyanath
245 _aStrategies to Address Alcohol Problems
260 _bForut
_c2005
300 _b132p.;27.6 cm cm
650 _aSociology
942 _cBK
999 _c124437
_d124437